| 000 | 01299nam0a22003371 4500 | ||
|---|---|---|---|
| 001 | rc\878770 | ||
| 005 | 20260406090029.0 | ||
| 035 | _a(NLR Aleph) 006056486 | ||
| 090 |
_a4862506 _c4862506 |
||
| 100 | _a20041129d1983 |||y0rusy50 ca | ||
| 101 | 0 | _arus | |
| 102 | _aRU | ||
| 105 | _aa ||||||||| | ||
| 200 | 1 | _aХристиан Гольдбах, 1690-1764 | |
| 210 |
_aМ. _cНаука _d1983 |
||
| 215 |
_a223 с. _cил. _d20 |
||
| 225 | 1 | _aНаучно-биографическая серия | |
| 300 | _aВ надзаг.: АН СССР | ||
| 300 | _aЧасть текста: латин. | ||
| 320 | _aОпубл. работы и переписка Х. Гольдбаха: с. 211-212 | ||
| 320 | _aБиблиогр. в примеч. в конце глав | ||
| 320 | _aУказ. имен: с. 215-222 | ||
| 600 | 1 |
_aГольдбах _bХ. _gХристиан _2psbo |
|
| 700 | 1 |
_4070 _7ca _8rus _aЮшкевич _bА. П. _cд-р физ.-мат. наук _f1906-1993 _gАдольф Павлович _3RU\NLR\AUTH\770280587 _92652554 |
|
| 701 | 1 |
_8rus _7ca _aКопелевич _bЮ. Х. _f1921-2009 _gЮдифь Хаимовна _3RU\NLR\AUTH\773524 _9113520 |
|
| 801 | 0 |
_aRU _bNLR _gpsbo |
|
| 801 | 1 |
_aRU _bELAR _2rusmarc |
|
| 852 |
_aNLR _j83-3/4449 |
||
| 942 | _cBOOK | ||
| 980 | _aNB | ||